La Ley Gran Cuyo (Registro nro. 8514)

Detalles MARC
000 -LEADER
fixed length control field 00797nas a2200241 454500
001 - CONTROL NUMBER
control field 18950
005 - DATE AND TIME OF LATEST TRANSACTION
control field 20260407193505.0
008 - FIXED-LENGTH DATA ELEMENTS--GENERAL INFORMATION
fixed length control field 260407s2008####ag###########|||spa#d
003 - CONTROL NUMBER IDENTIFIER
control field AR-UNSa-BCEJYS
040 ## - CATALOGING SOURCE
Original cataloging agency AR-UNSa-BCEJYS
Language of cataloging spa
Transcribing agency AR-UNSa-BCEJYS
080 ## - UNIVERSAL DECIMAL CLASSIFICATION NUMBER
Universal Decimal Classification number 34
Common auxiliary subdivision Derecho
022 ## - INTERNATIONAL STANDARD SERIAL NUMBER
International Standard Serial Number 0329-1677
100 1# - MAIN ENTRY--PERSONAL NAME
Personal name Parellada, Carlos A.
245 10 - TITLE STATEMENT
Title La Ley Gran Cuyo
Name of part/section of a work Revista de Doctrina y Jurisprudencia de las provincias de La Rioja, Mendoza, San Juan y San Luis
264 #1 - PRODUCTION, PUBLICATION, DISTRIBUTION, MANUFACTURE, AND COPYRIGHT NOTICE
Place of production, publication, distribution, manufacture Buenos Aires :
Name of producer, publisher, distributor, manufacturer La Ley
Date of production, publication, distribution, manufacture, or copyright notice 2008
310 ## - CURRENT PUBLICATION FREQUENCY
Current publication frequency Frecuencia: Mensual
590 ## - LOCAL NOTE (RLIN)
Local note niveau_biblio:s niveau_hierar:1
650 ## - SUBJECT ADDED ENTRY--TOPICAL TERM
Topical term or geographic name entry element Derecho
650 ## - SUBJECT ADDED ENTRY--TOPICAL TERM
Topical term or geographic name entry element JURISPRUDENCIA
650 ## - SUBJECT ADDED ENTRY--TOPICAL TERM
Topical term or geographic name entry element DOCTRINA
856 41 - ELECTRONIC LOCATION AND ACCESS
Uniform Resource Identifier <a href="https://biblioeco.unsa.edu.ar/pmb/images/revistas/La Ley Gran Cuyo.jpg">https://biblioeco.unsa.edu.ar/pmb/images/revistas/La Ley Gran Cuyo.jpg</a>
Link text Imagen de portada
Electronic format type image/jpeg
942 ## - ADDED ENTRY ELEMENTS (KOHA)
Koha item type
Existencias
Withdrawn status Lost status Damaged status Not for loan Home library Current library Shelving location Date acquired Serial enumeration / chronology Total checkouts Full call number Barcode Date last seen Price effective from Koha item type
        Biblioteca Prof. Eusebio Cleto del Rey Biblioteca Prof. Eusebio Cleto del Rey   01/06/2008 Año 13, Nº 5 - jun. 2008   H34 GRA 5 R08682 10/04/2026 10/04/2026 Numero